Statistics for Countries in 1840

Click here to take the quiz!

General Stats

  • This quiz has been taken 56 times
  • The average score is 41 of 87

Answer Stats

ContinentCountry% Correct
EuropeRussia
95%
South AmericaArgentina
93%
South AmericaChile
93%
North AmericaMexico
93%
South AmericaNew Granada
93%
North AmericaUnited States
93%
EuropeAustria
90%
South AmericaBrazil
90%
North AmericaNicaragua
90%
EuropeSpain
90%
South AmericaVenezuela
90%
EuropeDenmark
85%
EuropeFrance
85%
North AmericaGuatemala
85%
North AmericaHonduras
85%
EuropePortugal
85%
EuropeSweden
85%
EuropeUnited Kingdom
85%
North AmericaEl Salvador
83%
AsiaOttoman Empire
83%
South AmericaParaguay
83%
South AmericaPeru
83%
North AmericaCosta Rica
80%
AsiaJapan
80%
EuropeNorway
80%
AsiaQing China
80%
South AmericaUruguay
80%
EuropeBelgium
78%
North AmericaHaiti
78%
EuropeNetherlands
78%
EuropePrussia
75%
South AmericaBolivia
73%
South AmericaEcuador
73%
EuropeLuxembourg
73%
EuropeGreece
68%
EuropeAndorra
65%
AfricaEthiopia
63%
EuropeSerbia
63%
EuropeLiechtenstein
58%
AsiaPersia
58%
EuropeSwitzerland
58%
EuropeMonaco
55%
EuropeSan Marino
55%
AsiaSiam
55%
AsiaKorea
53%
EuropeBavaria
48%
EuropePapal States
48%
EuropeMontenegro
40%
AfricaMorocco
40%
North AmericaTexas
38%
AsiaAfghanistan
35%
AsiaNepal
30%
EuropeSaxony
30%
AsiaBhutan
28%
EuropeSardinia
28%
EuropeBaden
25%
AsiaBurma
18%
EuropeTwo Sicilies
15%
AsiaCambodia
13%
OceaniaFiji
13%
North AmericaHawaii
13%
EuropeMoldavia
13%
AfricaBenin
10%
AsiaBrunei
10%
OceaniaSamoa
10%
AfricaZululand
10%
AfricaOyo
8%
North AmericaRio Grande
8%
South AmericaRio Grande
8%
AsiaAceh
5%
AfricaBornu
5%
AfricaLuba
5%
AsiaAnnam
3%
AfricaBambara
3%
AsiaBukhara
3%
AsiaJohor
3%
AsiaKhiva
3%
AsiaKongo
3%
AsiaPunjab
3%
AfricaSokoto
3%
North AmericaComanche Nation
0%
AsiaHyderabad
0%
AsiaKokand
0%
EuropeLimburg
0%
AfricaLoango
0%
AfricaLunda
0%
AsiaMaldives
0%

Score Distribution

Percentile by Number Answered

Percent of People with Each Score

Your Score History

You have not taken this quiz